<?xml version="1.0" encoding="UTF-8"?>
<record
    xmlns:xsi="http://www.w3.org/2001/XMLSchema-instance"
    xsi:schemaLocation="http://www.loc.gov/MARC21/slim http://www.loc.gov/standards/marcxml/schema/MARC21slim.xsd"
    xmlns="http://www.loc.gov/MARC21/slim">

  <leader>02573nam2a22004091  4500</leader>
  <controlfield tag="001">v19\rc\1891009</controlfield>
  <controlfield tag="005">20251120190647.0</controlfield>
  <datafield tag="035" ind1=" " ind2=" ">
    <subfield code="a">(NLR Aleph) 004989522</subfield>
  </datafield>
  <datafield tag="090" ind1=" " ind2=" ">
    <subfield code="a">6270902</subfield>
    <subfield code="c">6270902</subfield>
  </datafield>
  <datafield tag="100" ind1=" " ind2=" ">
    <subfield code="a">20080221d1911    u  y0rusy50      ca</subfield>
  </datafield>
  <datafield tag="101" ind1="1" ind2=" ">
    <subfield code="a">rus</subfield>
    <subfield code="c">yid</subfield>
  </datafield>
  <datafield tag="102" ind1=" " ind2=" ">
    <subfield code="a">RU</subfield>
  </datafield>
  <datafield tag="105" ind1=" " ind2=" ">
    <subfield code="a">y   z   |||||</subfield>
  </datafield>
  <datafield tag="200" ind1="1" ind2=" ">
    <subfield code="a">[&#x41D;&#x430; &#x440;&#x430;&#x441;&#x43F;&#x443;&#x442;&#x44C;&#x435;</subfield>
  </datafield>
  <datafield tag="210" ind1=" " ind2=" ">
    <subfield code="d">1911</subfield>
  </datafield>
  <datafield tag="215" ind1=" " ind2=" ">
    <subfield code="a">299 &#x441;.</subfield>
  </datafield>
  <datafield tag="423" ind1=" " ind2="0">
    <subfield code="1">1011#$arus$cyid$cyid$cyid</subfield>
    <subfield code="1">2001#$a&#x412; &#x43E;&#x434;&#x43D;&#x43E;&#x439; &#x43E;&#x431;&#x449;&#x438;&#x43D;&#x435;$a&#x41A;&#x430;&#x431;&#x431;&#x430;&#x43B;&#x438;&#x441;&#x442;&#x44B;$a&#x41B;&#x44E;&#x431;&#x43E;&#x432;&#x44C;</subfield>
    <subfield code="1">700#1$a&#x41F;&#x435;&#x440;&#x435;&#x446;$b&#x41B;.$g&#x41B;&#x435;&#x43E;&#x43D;</subfield>
    <subfield code="t">&#x41B;&#x44E;&#x431;&#x43E;&#x432;&#x44C;</subfield>
    <subfield code="a">&#x41F;&#x435;&#x440;&#x435;&#x446;, &#x41B;&#x435;&#x43E;&#x43D;</subfield>
  </datafield>
  <datafield tag="423" ind1=" " ind2="0">
    <subfield code="1">1011#$arus$cyid$cyid</subfield>
    <subfield code="1">2001#$a&#x42F;&#x441;&#x435;&#x43A;$a&#x41C;&#x430;&#x442;&#x44C;</subfield>
    <subfield code="1">700#1$a&#x410;&#x448;$b&#x428;.$f1880-1957$g&#x428;&#x43E;&#x43B;&#x43E;&#x43C;$3RU\NLR\AUTH\7770011</subfield>
    <subfield code="t">&#x41C;&#x430;&#x442;&#x44C;</subfield>
    <subfield code="a">&#x410;&#x448;, &#x428;&#x43E;&#x43B;&#x43E;&#x43C; (1880-1957)</subfield>
  </datafield>
  <datafield tag="423" ind1=" " ind2="0">
    <subfield code="1">1011#$arus$cyid$cyid</subfield>
    <subfield code="1">2001#$a&#x41A;&#x432;&#x430;&#x440;&#x442;&#x438;&#x440;&#x430;&#x43D;&#x442;$a&#x422;&#x440;&#x438; &#x441;&#x438;&#x43B;&#x443;&#x44D;&#x442;&#x430;</subfield>
    <subfield code="1">700#1$a&#x420;&#x435;&#x439;&#x437;&#x438;&#x43D;$b&#x410;.$f1876-1953$g&#x410;&#x432;&#x440;&#x430;&#x430;&#x43C;</subfield>
    <subfield code="t">&#x422;&#x440;&#x438; &#x441;&#x438;&#x43B;&#x443;&#x44D;&#x442;&#x430;</subfield>
    <subfield code="a">&#x420;&#x435;&#x439;&#x437;&#x438;&#x43D;, &#x410;&#x432;&#x440;&#x430;&#x430;&#x43C; (1876-1953)</subfield>
  </datafield>
  <datafield tag="423" ind1=" " ind2="0">
    <subfield code="1">1011#$arus$cyid</subfield>
    <subfield code="1">2001#$a&#x418;&#x434;&#x438;&#x43E;&#x442;</subfield>
    <subfield code="1">700#1$a&#x413;&#x430;&#x43B;&#x44C;&#x43F;&#x435;&#x440;&#x438;&#x43D;$b&#x424;.</subfield>
    <subfield code="t">&#x418;&#x434;&#x438;&#x43E;&#x442;</subfield>
    <subfield code="a">&#x413;&#x430;&#x43B;&#x44C;&#x43F;&#x435;&#x440;&#x438;&#x43D;, &#x424;.</subfield>
  </datafield>
  <datafield tag="423" ind1=" " ind2="0">
    <subfield code="1">1011#$arus$cyid</subfield>
    <subfield code="1">2001#$a&#x414;&#x440;&#x430;&#x431;&#x43A;&#x438;&#x43D;</subfield>
    <subfield code="1">700#1$a&#x41F;&#x438;&#x43D;&#x441;&#x43A;&#x438;&#x439;$b&#x414;.$f1872-1959$g&#x414;&#x430;&#x432;&#x438;&#x434;</subfield>
    <subfield code="t">&#x414;&#x440;&#x430;&#x431;&#x43A;&#x438;&#x43D;</subfield>
    <subfield code="a">&#x41F;&#x438;&#x43D;&#x441;&#x43A;&#x438;&#x439;, &#x414;&#x430;&#x432;&#x438;&#x434; (1872-1959)</subfield>
  </datafield>
  <datafield tag="423" ind1=" " ind2="0">
    <subfield code="1">1011#$arus$cyid</subfield>
    <subfield code="1">2001#$a&#x41F;&#x43E;&#x434; &#x433;&#x43E;&#x440;&#x43E;&#x44E;</subfield>
    <subfield code="1">700#1$a&#x411;&#x440;&#x43E;&#x445;&#x435;&#x441;$b&#x420;.$f1880-1942$g&#x420;&#x43E;&#x445;&#x43B;$6z01790</subfield>
    <subfield code="1">790#1$a&#x411;&#x440;&#x43E;&#x445;&#x435;&#x441;$b&#x420;.$f1880-1942$g&#x420;&#x43E;&#x445;&#x43B;&#x44C;</subfield>
    <subfield code="t">&#x41F;&#x43E;&#x434; &#x433;&#x43E;&#x440;&#x43E;&#x44E;</subfield>
    <subfield code="a">&#x411;&#x440;&#x43E;&#x445;&#x435;&#x441;, &#x420;&#x43E;&#x445;&#x43B; (1880-1942)</subfield>
  </datafield>
  <datafield tag="423" ind1=" " ind2="0">
    <subfield code="1">1011#$arus$cyid</subfield>
    <subfield code="1">2001#$a&#x41E;&#x43C;&#x440;&#x430;&#x447;&#x435;&#x43D;&#x43D;&#x430;&#x44F; &#x441;&#x443;&#x431;&#x431;&#x43E;&#x442;&#x430;</subfield>
    <subfield code="1">700#1$a&#x41A;&#x43E;&#x431;&#x440;&#x438;&#x43D;$b&#x41B;.$f1872-1946$g&#x41B;&#x435;&#x43E;&#x43D;</subfield>
    <subfield code="t">&#x41E;&#x43C;&#x440;&#x430;&#x447;&#x435;&#x43D;&#x43D;&#x430;&#x44F; &#x441;&#x443;&#x431;&#x431;&#x43E;&#x442;&#x430;</subfield>
    <subfield code="a">&#x41A;&#x43E;&#x431;&#x440;&#x438;&#x43D;, &#x41B;&#x435;&#x43E;&#x43D; (1872-1946)</subfield>
  </datafield>
  <datafield tag="423" ind1=" " ind2="0">
    <subfield code="1">1011#$arus$cyid</subfield>
    <subfield code="1">2001#$a&#x421;&#x443;&#x43C;&#x435;&#x440;&#x43A;&#x438;]</subfield>
    <subfield code="1">700#1$a&#x413;&#x438;&#x440;&#x448;&#x431;&#x435;&#x439;&#x43D;$b&#x41F;.$f1880-1949$g&#x41F;&#x435;&#x440;&#x435;&#x446;</subfield>
    <subfield code="t">&#x421;&#x443;&#x43C;&#x435;&#x440;&#x43A;&#x438;]</subfield>
    <subfield code="a">&#x413;&#x438;&#x440;&#x448;&#x431;&#x435;&#x439;&#x43D;, &#x41F;&#x435;&#x440;&#x435;&#x446; (1880-1949)</subfield>
  </datafield>
  <datafield tag="461" ind1=" " ind2="0">
    <subfield code="1">001v19\rc\1891008</subfield>
    <subfield code="1">2001#$a&#x410;&#x43B;&#x44C;&#x43C;&#x430;&#x43D;&#x430;&#x445;&#x438; &#x43C;&#x43E;&#x43B;&#x43E;&#x434;&#x43E;&#x439; &#x435;&#x432;&#x440;&#x435;&#x439;&#x441;&#x43A;&#x43E;&#x439; &#x43B;&#x438;&#x442;&#x435;&#x440;&#x430;&#x442;&#x443;&#x440;&#x44B;$f&#x41F;&#x43E;&#x434; &#x440;&#x435;&#x434;. &#x421;.&#x410;. &#x413;&#x438;&#x431;&#x44F;&#x43D;&#x441;&#x43A;&#x43E;&#x433;&#x43E;$v&#x41A;&#x43D;. 1</subfield>
    <subfield code="9">6270894</subfield>
    <subfield code="c">&#x421;&#x430;&#x43D;&#x43A;&#x442;-&#x41F;&#x435;&#x442;&#x435;&#x440;&#x431;&#x443;&#x440;&#x433;</subfield>
    <subfield code="d">1911</subfield>
    <subfield code="e">2-&#x435; &#x438;&#x437;&#x434;. &#x41A;&#x43D;. 1-</subfield>
    <subfield code="f">&#x41F;&#x43E;&#x434; &#x440;&#x435;&#x434;. &#x421;.&#x410;. &#x413;&#x438;&#x431;&#x44F;&#x43D;&#x441;&#x43A;&#x43E;&#x433;&#x43E;</subfield>
    <subfield code="n">&#x421;&#x43E;&#x432;&#x440;&#x435;&#x43C;. &#x43C;&#x44B;&#x441;&#x43B;&#x44C;</subfield>
    <subfield code="t">&#x410;&#x43B;&#x44C;&#x43C;&#x430;&#x43D;&#x430;&#x445;&#x438; &#x43C;&#x43E;&#x43B;&#x43E;&#x434;&#x43E;&#x439; &#x435;&#x432;&#x440;&#x435;&#x439;&#x441;&#x43A;&#x43E;&#x439; &#x43B;&#x438;&#x442;&#x435;&#x440;&#x430;&#x442;&#x443;&#x440;&#x44B;</subfield>
    <subfield code="v">&#x41A;&#x43D;. 1</subfield>
  </datafield>
  <datafield tag="540" ind1="1" ind2=" ">
    <subfield code="a">&#x41D;&#x430; &#x440;&#x430;&#x441;&#x43F;&#x443;&#x442;&#x44C;&#x435;</subfield>
  </datafield>
  <datafield tag="700" ind1=" " ind2="1">
    <subfield code="a">&#x422;&#x430;&#x439;&#x442;&#x448;</subfield>
    <subfield code="b">&#x41C;. &#x425;.</subfield>
    <subfield code="f">1885-1932</subfield>
    <subfield code="g">&#x41C;&#x43E;&#x438;&#x441;&#x435;&#x439; &#x425;&#x430;&#x439;&#x43C;&#x43E;&#x432;&#x438;&#x447;</subfield>
  </datafield>
  <datafield tag="801" ind1=" " ind2="0">
    <subfield code="a">RU</subfield>
    <subfield code="b">NLR</subfield>
    <subfield code="g">psbo</subfield>
  </datafield>
  <datafield tag="801" ind1=" " ind2="0">
    <subfield code="a">RU</subfield>
    <subfield code="b">RuMoRGB</subfield>
    <subfield code="2">psbo</subfield>
  </datafield>
  <datafield tag="801" ind1=" " ind2="1">
    <subfield code="a">RU</subfield>
    <subfield code="b">ProSoft-M</subfield>
    <subfield code="2">rusmarc</subfield>
  </datafield>
  <datafield tag="852" ind1=" " ind2=" ">
    <subfield code="a">NLR</subfield>
    <subfield code="j">38.31.3.14</subfield>
  </datafield>
  <datafield tag="899" ind1=" " ind2=" ">
    <subfield code="a">RuMoRGB</subfield>
    <subfield code="j">U 49/337</subfield>
  </datafield>
  <datafield tag="899" ind1=" " ind2=" ">
    <subfield code="a">&#x411;&#x410;&#x41D;</subfield>
  </datafield>
  <datafield tag="899" ind1=" " ind2=" ">
    <subfield code="a">&#x41D;&#x411; &#x41C;&#x413;&#x423;</subfield>
  </datafield>
  <datafield tag="942" ind1=" " ind2=" ">
    <subfield code="c">BOOK</subfield>
  </datafield>
  <datafield tag="980" ind1=" " ind2=" ">
    <subfield code="a">NB</subfield>
  </datafield>
  <datafield tag="995" ind1=" " ind2=" ">
    <subfield code="5">2013-10-26</subfield>
    <subfield code="b">NLR02</subfield>
    <subfield code="c">NLR02</subfield>
    <subfield code="e">RFS</subfield>
    <subfield code="f">4989522-10</subfield>
    <subfield code="k">38.31.3.14</subfield>
    <subfield code="o">0</subfield>
    <subfield code="r">BOOK</subfield>
    <subfield code="s">3831314_</subfield>
  </datafield>
  <datafield tag="995" ind1=" " ind2=" ">
    <subfield code="5">2013-10-26</subfield>
    <subfield code="b">NLR01</subfield>
    <subfield code="c">NLR01</subfield>
    <subfield code="e">TEMP</subfield>
    <subfield code="f">4989522-30</subfield>
    <subfield code="o">0</subfield>
    <subfield code="r">BOOK</subfield>
  </datafield>
  <datafield tag="995" ind1=" " ind2=" ">
    <subfield code="5">2013-10-26</subfield>
    <subfield code="b">NLR01</subfield>
    <subfield code="c">NLR01</subfield>
    <subfield code="e">TEMP</subfield>
    <subfield code="f">4989522-40</subfield>
    <subfield code="o">0</subfield>
    <subfield code="r">BOOK</subfield>
  </datafield>
</record>
